000
00292 a2200145 4500
001
46533
020
_a
9788576769439
040
_c
Anchieta - Aquarius
240
1
0
_a
Barbie
_l
por
245
1
0
_a
Barbie
300
_a
29
362
0
_a
2010
650
4
_a
Literatura infanto-juvenil
942
_c
BK
999
_c
46533
_d
46533